ბათუმის შოთა რუსთაველის სახელმწიფო უნივერსიტეტის ბიბლიოთეკა

ძველი ქართული მწერლობის კერები. ტ. 1. ნაკვ. 1 / (ბიბ.ჩანაწერი № 55912)

000 -ლიდერი
ფიქსირებული სიგრძის საკონტროლო ველი 01117nam a2200253Ia 4500
001 - საკონტროლო ნომერი
საკონტროლო ველი 23010
003 - საკონტროლო ნომრის იდენტიფიკატორი
საკონტროლო ველი GE_BSU
005 - ბოლო ოპერაციის თარიღი და დრო
საკონტროლო ველი 20230616102455.0
008 - ფიქსირებული სიგრძის მონაცემთა ელემენტები - ზოგადი ინფორმაცია
ფიქსირებული სიგრძის საკონტროლო ველი 181216s ||||ge |||||||||||||| ||geo||
040 ## - კატალოგიზაციის წყარო
Transcribing agency GE_BSU
041 ## - ენის კოდი
Language code of text/sound track or separate title geo
080 ## - უნივერსალური ათობითი კლასიფიკაციის ინდექსი
Universal Decimal Classification number 821.353.1.09 + 008(479.22)(09) ნ-63
100 ## - მთავარი ჩანაწერი - პიროვნების სახელი
Personal name მენაბდე, ლ.
9 (RLIN) 14531
245 ## - ცნობა სათაურის შესახებ
Title ძველი ქართული მწერლობის კერები. ტ. 1. ნაკვ. 1 /
Statement of responsibility, etc ლ. მენაბდე ; რედ. კ. კეკელიძე.
264 ## - წარმოების, გამოცემის, დისტრიბუციის და სხვა ცნობები
გამოცემის, წარმოების, დისტრიბუციის... ადგილი თბილისი :
გამოცემის, წარმოების, დისტრიბუციის... სახელწოდება [?],
გამოცემის, წარმოების, დისტრიბუციის... თარიღი 1962.
300 ## - ფიზიკური აღწერა
Extent 383 გვ. ;
Dimensions 26 სმ.
504 ## - BIBLIOGRAPHY, ETC. NOTE
Bibliography, etc ბიბლიოგრ. შენიშვნებში
653 ## - INDEX TERM--UNCONTROLLED
Uncontrolled term ძელი ქართული მწვერლობის კერები. ტ. 1. ნაკვ. 1
653 ## - INDEX TERM--UNCONTROLLED
Uncontrolled term ძველი ქართული მწერლობა
653 ## - INDEX TERM--UNCONTROLLED
Uncontrolled term ქართული კულტურის კერები
700 ## - ADDED ENTRY--PERSONAL NAME
Personal name კეკელიძე, კ.
Relator term რედაქტორი
9 (RLIN) 3519
942 ## - ADDED ENTRY ELEMENTS (KOHA)
Koha item type წიგნი
Source of classification or shelving scheme
ეგზემპლარები
ჩამოწერის სტატუსი დაკარგული ეგზემპლარის სტატუსი კლასიფიკაციის წყარო ან თაროზე გაწყობის სქემა დაზიანების სტატუსი არ გაიცემა მუდმივი მდებარეობა (დაცვის ადგილი) ამჟამინდელი ადგილსამყოფელი თაროზე განთავსების ადგილი შეძენის თარიღი ღირებულება, შესყიდვის ნორმალური ფასი სრული შენახვის შიფრი შტრიხკოდი ბოლო ოპერაციის თარიღი ეგზემპლარის მიმდევრობითი ნომერი (კეტერი?) ფასის ძალაში შესვლის თარიღი ეგზემპლარის სახეობა საჯარო შენიშვნა
          ბათუმის შოთა რუსთაველის სახელმწიფო უნივერსიტეტის მთავარი ბიბლიოთეკა ბათუმის შოთა რუსთაველის სახელმწიფო უნივერსიტეტის მთავარი ბიბლიოთეკა წიგნსაცავი 2018-12-17 5.08 821.353.1.09 + 008(479.22)(09) ნ-63 58413 2018-12-17 58413 2018-12-17 წიგნი 5.08 ₾.